Remote Sensing Analysis of Environmental Resources For Planning And Development / (Record no. 617457)

000 -LEADER
fixed length control field 00508nam a22001697a 4500
003 - CONTROL NUMBER IDENTIFIER
control field NUST
005 - DATE AND TIME OF LATEST TRANSACTION
control field 20260514112622.0
008 - FIXED-LENGTH DATA ELEMENTS--GENERAL INFORMATION
fixed length control field 260514b ||||| |||| 00| 0 eng d
020 ## - INTERNATIONAL STANDARD BOOK NUMBER
International Standard Book Number 81-7024-808-6
082 ## - DEWEY DECIMAL CLASSIFICATION NUMBER
Classification number 333.7
Author Mark POR
100 ## - MAIN ENTRY--PERSONAL NAME
Personal name M.C. Porwal
9 (RLIN) 134465
245 ## - TITLE STATEMENT
Title Remote Sensing Analysis of Environmental Resources For Planning And Development /
Statement of responsibility, etc. M.C. Porwal.
260 ## - PUBLICATION, DISTRIBUTION, ETC.
Place of publication, distribution, etc. India:
Name of publisher, distributor, etc. A. P. H. Publishing Corporation,
Date of publication, distribution, etc. 1997.
300 ## - PHYSICAL DESCRIPTION
Extent 302 p ;
Dimensions 26.3 cm
563 ## - BINDING INFORMATION
Binding note Hardcover
942 ## - ADDED ENTRY ELEMENTS (KOHA)
Source of classification or shelving scheme
Koha item type Book
Holdings
Withdrawn status Lost status Source of classification or shelving scheme Damaged status Not for loan Permanent Location Current Location Date acquired Total Checkouts Full call number Barcode Date last seen Price effective from Koha item type
          Institute of Geographical Information Systems (IGIS) Institute of Geographical Information Systems (IGIS) 05/14/2026   333.7 POR IGIS-1165 05/14/2026 05/14/2026 Book
© 2023 Central Library, National University of Sciences and Technology. All Rights Reserved.